Pays qui commencent et finissent par la même lettre - Statistiques

Statistiques générales
  • Ce quiz a été pris 103 fois
    65 depuis la dernière actualisation
  • Le résultat moyen est 31 sur 41
Statistiques - réponses
Hint Réponse % Correct
E/E Egypte/ Érythrée/Espagne/Estonie/Ethiopie
96%
A/E Albanie/Algérie/Allemagne/Andorre/Arabie Saoudite/Argentine/Arménie/Australie/Autriche
94%
B/N Bahreïn/Bénin/Bhoutan
92%
C/A Canada/Costa Rica/Cuba
91%
F/E Finlande/France
91%
i/E Inde/Indonésie/Irlande/Islande/Italie
89%
A/A Angola/Antigua-et-Barbuda
87%
L/E Lettonie/Libye/Lituanie
87%
G/E Gambie/Géorgie/Grèce/Grenade/Guinée/Guinée Equatoriale
85%
G/A Ghana/Guatemala/Guyana
85%
J/E Jamaïque/Jordanie
85%
M/E Malaisie/Malte/Maurice/Mauritanie/Mexique/Micronésie/Moldavie/Mongolie/Mozambique
85%
Z/E Zambie/Zimbabwe
85%
B/E Barbade/Belgique/Belize/Biélorussie/Bolivie/Bosnie-Herzégovine/Bulgarie
83%
R/E République Centrafricaine/ République Dominicaine/Roumanie/Russie
83%
S/E Sainte-Lucie/Sao Tomé-et-Principe/Serbie/Sierra Leone/Slovaquie/Slovénie/Somalie/Suède/Suisse/Suriname/Syrie
83%
C/E Cambodge/Chine/Chypre/Colombie/Côte d’Ivoire/Croatie
81%
K/N Kazakhstan/Kirghizstan
79%
L/N Liban/ Liechtenstein
79%
O/N Oman/ Ouzbékistan
79%
T/E Tanzanie/Tchéquie/Thaïlande/Tunisie/Turquie
79%
T/O Trinité-et-Tobago/Togo
75%
A/N Afghanistan/ Azerbaïdjan
74%
E/S Emirats arabes unis/ Etats-Unis
74%
N/A Nicaragua/Nigéria
74%
P/S Palaos/Pays-Bas/Philippines
74%
i/L Iles Marshall/Israël
72%
P/E Palestine/Papouasie-Nouvelle-Guinée/Pologne
72%
I/N Iles Salomon/Iran
70%
M/i Malawi/Mali
70%
N/E Namibie/Niue/Norvège/Nouvelle-Zélande
70%
T/N Tadjikistan/ Taïwan/Turkménistan
68%
M/O Monaco/Monténégro
64%
S/N Saint-Marin/Soudan
64%
S/A Samoa/Sri Lanka
64%
B/i Brunei/Burundi
62%
C/D Corée du Nord/Corée du Sud
60%
S/R Salvador/Singapour
58%
B/A Botswana/Burkina
57%
M/R Madagascar/Myanmar
57%
S/S Saint-Christophe-et-Niévès/Saint-Vincent-et-les- Grenadines
45%
Aucun quiz correspondant
Distribution des résultats
% des personnes avec chaque résultat
Percentile par nombre de réponses
Votre historique - résultats
Vous n’avez pas pris ce quiz depuis la dernière actualisation